La caducidad de instancia y las personas con capacidad menos plena. Crónica de una persistencia inexplicable / (Registro nro. 5741)
[ vista simple ]
| 000 -LEADER | |
|---|---|
| fixed length control field | 01225nab a22002417a 4500 |
| 003 - CONTROL NUMBER IDENTIFIER | |
| control field | OSt |
| 005 - DATE AND TIME OF LATEST TRANSACTION | |
| control field | 20260101202245.0 |
| 008 - FIXED-LENGTH DATA ELEMENTS--GENERAL INFORMATION | |
| fixed length control field | 190514b xxu||||| |||| 00| 0 spa d |
| 040 ## - CATALOGING SOURCE | |
| Transcribing agency | PJ |
| 100 ## - MAIN ENTRY--PERSONAL NAME | |
| 9 (RLIN) | 6659 |
| Personal name | Belloti San Martín, Lucas |
| 245 13 - TITLE STATEMENT | |
| Title | La caducidad de instancia y las personas con capacidad menos plena. Crónica de una persistencia inexplicable / |
| Statement of responsibility, etc | Lucas Belloti San Martín. |
| 300 ## - PHYSICAL DESCRIPTION | |
| Extent | p. 43-57 |
| 500 ## - GENERAL NOTE | |
| General note | Cita: TR LALEY AR/DOC/454/2025. |
| 505 ## - FORMATTED CONTENTS NOTE | |
| Formatted contents note | Sumario: I. Caducidad de la instancia. Nociones generales y particularidades frente al proceso con personas sin plena capacidad.— II. El caso.— III. Nuestra opinión.— IV. Conclusiones. <br/> |
| 505 ## - FORMATTED CONTENTS NOTE | |
| Formatted contents note | Fallo comentado: CCiv. y Com., Necochea ~ 06/09/2024 ~ V. B. D. c. F. G. S. y otros s/ daños y perj. autom. c/ les. o muerte (exc. estado). |
| 650 #0 - SUBJECT ADDED ENTRY--TOPICAL TERM | |
| 9 (RLIN) | 967 |
| Topical term or geographic name as entry element | DERECHO DE FAMILIA |
| 650 #0 - SUBJECT ADDED ENTRY--TOPICAL TERM | |
| 9 (RLIN) | 1935 |
| Topical term or geographic name as entry element | CADUCIDAD DE INSTANCIA |
| 650 #0 - SUBJECT ADDED ENTRY--TOPICAL TERM | |
| 9 (RLIN) | 2342 |
| Topical term or geographic name as entry element | CAPACIDAD |
| 650 #0 - SUBJECT ADDED ENTRY--TOPICAL TERM | |
| 9 (RLIN) | 3926 |
| Topical term or geographic name as entry element | RESTRICCIONES A LA CAPACIDAD |
| 650 #0 - SUBJECT ADDED ENTRY--TOPICAL TERM | |
| 9 (RLIN) | 1057 |
| Topical term or geographic name as entry element | JURISPRUDENCIA APLICABLE |
| 773 0# - HOST ITEM ENTRY | |
| Host Biblionumber | 2844 |
| Host Itemnumber | 3222 |
| Place, publisher, and date of publication | Buenos Aires : AbeledoPerrot, 1989- |
| Title | Derecho de familia. Revista Interdisciplinaria de doctrina y jurisprudencia. Abril 2025-II. |
| International Standard Book Number | 18511201 |
| 942 ## - ADDED ENTRY ELEMENTS (KOHA) | |
| Source of classification or shelving scheme | |
| Koha item type | Analítica Artículo de Revista |
No hay ítems disponibles.
